L'Europe de Melchior Junius
Elmentve itt :
| Szerző: | |
|---|---|
| Dokumentumtípus: | Cikk |
| Megjelent: |
Bibliothèque Nationale et Universitaire
2017
|
| Sorozat: | LA REVUE DE LA BNU
|
| mtmt: | 3300458 |
| Online Access: | http://publicatio.bibl.u-szeged.hu/12430 |
| LEADER | 00594nab a2200169 i 4500 | ||
|---|---|---|---|
| 001 | publ12430 | ||
| 005 | 20200306151650.0 | ||
| 008 | 171214s2017 hu o 0|| zxx d | ||
| 024 | 7 | |a 3300458 |2 mtmt | |
| 040 | |a SZTE Publicatio Repozitórium |b hun | ||
| 041 | |a zxx | ||
| 100 | 1 | |a Monok István | |
| 245 | 1 | 0 | |a L'Europe de Melchior Junius |h [elektronikus dokumentum] / |c Monok István |
| 260 | |a Bibliothèque Nationale et Universitaire |c 2017 | ||
| 300 | |a 57-59 | ||
| 490 | 0 | |a LA REVUE DE LA BNU | |
| 856 | 4 | 0 | |u http://publicatio.bibl.u-szeged.hu/12430/1/Monok_LEurope_de_Melchior_Junius_2017.pdf |z Dokumentum-elérés |